1958 1263 1695 1556 1578 1873 1240 1957 1720 1202 1936 1420 1811 1279 1921 1239 1582 1791 1548 1971 1785 1268 1765 1646 1052 1347 1845 1555 1144 1922 1314 1943 1663 1172 1079 1336 1987 1890 1830 1235 1382 1870 1350 1883 1259 1559 1965 1469 1233 1838 1785 1176 1778 1523 1600 1490 1340 1209 1785 1185 1896 1617 1245 1487 1728 1792 1498 1285 1033 1884 1565 1617 1734 1597 1919 1562 1526 1674 1265 1249 1485 1506 1008 1258 1599 1676 1516 1069 1118 1768 1448 1851 1508 1745 1686 1766 1035 1153 1062 BCNSPRNW ULIB Ver.6.0+V

เปลี่ยนเป็นภาษาไทย

Change to English
 แสดงรายละเอียดบรรณานุกรม
  กลับหน้าหลัก

Brief Record : Get Marc (ISO 2709) : E-mail record : QR code < ปิดหน้าต่าง
LEADER : 00000nam 2200000uu 4500
001    13399113634
003     ULIB
008    111208s2553||||th 000 0 tha d
020    ^a9786167052101
090    ^aนว.^bร388ฮ ล.2
100    ^aรัศมีจันทร์
245    ^aไฮโซติดเกาะ ตอน สายลมแห่งฤดูหนาว เล่ม 2/^cรัศมีจันทร์
250    ^aพิมพ์ครั้งที่ 1
260    ^aกรุงเทพฯ :^bณ บ้านวรรณกรรม,^c2553
300    ^a320 หน้า
710 1  ^aณ บ้านวรรณกรรม
945    ^p240^l0^i026745
995    ^aทศพร
999 ^a ทศพร
รายการนี้ยังไม่มีแท็ก
คุณยังไม่ได้ล็อกอิน คุณสามารถมีกิจกรรมร่วมกับเว็บไซต์ได้ แต่ต้องล็อกอินก่อน ::
  ล็อกอิน

รายการสื่อสารสนเทศ

ลำดับที่ ประเภท เลขเรียก/บาร์โค้ด สถานที่ สถานะ
1. นวนิยาย
นวนิยาย
นว. ร388ฮ ล.2 ฉ.1 
  Barcode: 026745
ห้องสมุดวิทยาเขตสวรรค์ประชารักษ์
►นวนิยาย
บนชั้น
  ขอยืม

รายการใกล้เคียง
    ผู้แต่ง [รัศมีจันทร์]

BibComment


ยังไม่เคยถูกคอมเมนท์

คอมเมนท์ทรัพยากรรายการนี้
  คอมเมนท์: ไฮโซติดเกาะ ตอน ..


 Copyright 2026. Bcnsprnw @Library